000 00553cam a2200169 4500
001 WB3537-14
008 000000n1999 000 0 eng u
035 _a(Sirsi) u102755
245 _aFlat rates.
260 _c1999
490 _aFinancial Times
_v24 September 1999, 34(1)
520 _aPresents the results of the monthly IPD index for August 1999. Shows that rental growth is outstripping capital value growth.
650 _aRENTAL GROWTH
650 _aCAPITAL VALUE GROWTH
690 _aPROPERTY-PROPERTY FINANCE AND INVESTMENT
942 _n0
999 _c61736
_d61736